Countries Closest to Fiji - Statistics

General Stats
  • This quiz has been taken 86 times
  • The average score is 17 of 20
Answer Stats
Distance (mi) Answer Distance (km) % Correct
1,593 Australia 2,564
100%
551 Niue (New Zealand) 887
98%
460 Samoa 740
92%
197 Tuvalu 317
90%
1,482 Papua New Guinea 2,386
89%
217 Tonga 350
89%
471 Vanuatu 757
89%
1,556 Federated States of Micronesia 2,504
87%
2,447 Indonesia 3,938
85%
1,073 Nauru 1,727
85%
1,307 Marshall Islands 2,103
84%
3,215 Palau 5,174
84%
677 Kiribati 1,089
82%
674 Solomon Islands 1,084
82%
567 American Samoa (United States) 913
79%
3,716 Philippines 5,981
77%
140 Wallis and Futuna (France) 226
73%
3,377 East Timor 5,434
68%
2,976 Japan 4,789
65%
3,065 Pitcairn Islands (United Kingdom) 4,933
65%
No matching quizzes found
Score Distribution
Percent of People with Each Score
Percentile by Number Answered
Your Score History
You have not taken this quiz